000 00871nam a2200253Ia 4500
003 OSt
005 20221005112247.0
006 a|||||r|||| 00| 0
007 ta
008 221004b |||||||| |||| 00| 0 pan d
024 _a117364
037 _cTextual
040 _aCRL
_cCRL
_bpan
041 _2pan
_apan
082 _aQ8441xJ96, 153P7
100 _aਹਰਨੇਕ ਸਿੰਘ, ਕੋਮਲ
245 0 _aਭਾਈ ਗੁਰਦਾਸ ਦੀ ਪਹਿਲੀ ਵਾਰ ਸਾਹਿਤਕ ਪਰਿਪੇਖ
260 _aਅੰਮ੍ਰਿਤਸਰ
_bਰੂਹੀ ਪ੍ਰਕਾਨ ਭਾਰਤ
_c2007
300 _a100ਪੰ
_ccm.
650 _a ਸਿੱਖ ਧਰਮ
_9156314
650 _aਧOਰੁ Fਸੱਢ
942 _hQ8441xJ96, 153P7
_cTEXL
_2cc
999 _c1024358
_d1024358